| 000 | 00606nam a22001937a 4500 | ||
|---|---|---|---|
| 003 | 0 | ||
| 005 | 20240215102059.0 | ||
| 008 | 240215b xxu||||| |||| 00| 0 eng d | ||
| 020 | _a978-1-265-10351-4 | ||
| 050 |
_aHG 4026 _b.R67 2023 |
||
| 100 | _aRoss, Stephen | ||
| 245 |
_aEssentials of corporate finance _cStephen Ross |
||
| 250 | _aEleventh edition | ||
| 260 |
_aNew York _bMcGraw Hill LLC _cc2023. |
||
| 300 |
_axxxii,655 pages : _bcolored illustrations ; _c26 cm. |
||
| 504 | _aIncludes bibliographical references, index, and glossary. | ||
| 650 | _aCorporations--Finance. | ||
| 942 |
_2lcc _cBK |
||
| 999 |
_c365933 _d365933 |
||